UNSTOPPABLE STARTUP : mastering israel's secret rules of chutzpah.

Bibliographic Details
Main Author: ADONI, URI
Format: Book
Language:English
Published: [Place of publication not identified] : THOMAS NELSON PUB, 2020.
Subjects:

MARC

Tag First Indicator Second Indicator Subfields
LEADER 00000cam a2200000M 4500
001 in00004350073
008 191227s2020 xx 000 0 eng d
005 20250318214256.8
020 |a 9781400219162 
020 |a 1400219167 
035 |a (OCoLC)on1133209100 
035 |a (OCoLC)1133209100 
040 |a YDX  |b eng  |c YDX  |d OCLCQ  |d UtOrBLW 
050 4 |a HD62.5  
082 0 4 |a 658.1/1 
100 1 |a ADONI, URI. 
245 1 0 |a UNSTOPPABLE STARTUP :  |b mastering israel's secret rules of chutzpah. 
264 1 |a [Place of publication not identified] :  |b THOMAS NELSON PUB,  |c 2020. 
336 |a text  |b txt  |2 rdacontent 
337 |a unmediated  |b n  |2 rdamedia 
338 |a volume  |b nc  |2 rdacarrier 
650 0 |a New business enterprises.  |0 http://id.loc.gov/authorities/subjects/sh85091252 
650 0 |a Self-confidence.  |0 http://id.loc.gov/authorities/subjects/sh85119715 
852 8 |b pda,print  |z This title is available for the library to purchase for your use. Click the "Purchase It For Me" button to place a request. This item may take 5-10 business days to arrive. 
955 |a Print PDA title 
961 |m 565730 
999 f f |s 2a7bcc59-ce9c-442f-ac2a-f8964af6cc90  |i 3305d4a6-552b-3e63-9bf4-f7ab80eec3a9  |t 0 
952 f f |a Texas A&M University  |b College Station  |c Sterling C. Evans Library  |d Purchase on Demand  |t 0  |e HD62.5   |h Library of Congress classification 
998 f f |a HD62.5   |t 0  |l Purchase on Demand